000 00865cam a2200205 i 4500
005 20251209121609.0
008 250721s9999 ye gr 000 0 ara d
082 1 4 _a216.12
_bح ل ق
100 1 _aحلاق، محمد صبحي حسن
_eمؤلف.
245 1 2 _aالأدلة الرضية لمتن الدرر البهية في المسائل الفقهية للإمام محمد بن علي الشوكاني /
_cتاليف محمد صبحي حسن حلاق.
250 _aالطبعة الرابعة، مزيدة و منقحة
264 3 1 _aصنعاء :
_bمكتبة الأرشاد،
_c[غبر معرف].
300 _a364صفحة.
650 1 7 _aالفقه الإسلامي.
650 1 7 _aالأحكام الشرعية.
650 1 7 _aالحدود (شريعة إسلامية).
650 1 7 _aالإسلام.
942 _2ddc
_cBK
999 _c16544
_d16544